Praying with power : (Record no. 3333)

MARC details
000 -LEADER
fixed length control field 00745pam a2200241 a 4500
001 - CONTROL NUMBER
control field 36573740
003 - CONTROL NUMBER IDENTIFIER
control field OCoLC
005 - DATE AND TIME OF LATEST TRANSACTION
control field 20181108162624.0
008 - FIXED-LENGTH DATA ELEMENTS--GENERAL INFORMATION
fixed length control field 970310s1997 cauab b 001 0 eng
010 ## - LIBRARY OF CONGRESS CONTROL NUMBER
LC control number 97010999
040 ## - CATALOGING SOURCE
Original cataloging agency DLC
Transcribing agency DLC
Modifying agency ATH
050 00 - LIBRARY OF CONGRESS CALL NUMBER
Classification number BV210.2
Item number .W24 1997
082 ## - DEWEY DECIMAL CLASSIFICATION NUMBER
Classification number 248
Item number W247p
100 1# - MAIN ENTRY--PERSONAL NAME
Personal name Wagner, C. Peter.
Dates associated with a name 1997-
245 10 - TITLE STATEMENT
Title Praying with power :
Remainder of title how to pray effectively and hear clearly from God /
Statement of responsibility, etc. C. Peter Wagner.
260 ## - PUBLICATION, DISTRIBUTION, ETC.
Place of publication, distribution, etc. Ventura, CA :
Name of publisher, distributor, etc. Regal Books,
Date of publication, distribution, etc. c1997.
300 ## - PHYSICAL DESCRIPTION
Extent 274 p. :
Other physical details ill., map ;
Dimensions 23 cm.
490 1# - SERIES STATEMENT
Series statement The prayer warrior series.
504 ## - BIBLIOGRAPHY, ETC. NOTE
Bibliography, etc. note Includes bibliographical references and index.
650 #0 - SUBJECT ADDED ENTRY--TOPICAL TERM
Topical term or geographic name entry element Prayer
General subdivision Christianity.
830 #0 - SERIES ADDED ENTRY--UNIFORM TITLE
Uniform title Prayer warrior series.
942 ## - ADDED ENTRY ELEMENTS (KOHA)
Source of classification or shelving scheme Dewey Decimal Classification
Koha item type Books
Holdings
Withdrawn status Lost status Source of classification or shelving scheme Damaged status Not for loan Collection code Home library Current library Shelving location Date acquired Cost, normal purchase price Total Checkouts Full call number Barcode Date last seen Price effective from Koha item type
    Dewey Decimal Classification   Not For Loan Non-fiction Harvest Mission College Harvest Mission College General Stacks 08.11.2018 89.00   248 W247p 003866 08.11.2018 08.11.2018 Books

OPAC Designed and Maintained by HMC Library Team.
Copyright © HMC Library,Greater Noida, UP.
For any Suggestions/Query Contact library via Email:libhmc@gmail.com